000 00283nam a22001217a 4500
020 _a0-592-02817-8
082 _a621.3192 SMI'P
100 _aSMITH, P. S
_978461
245 _a50 PHOTOELECTRIC CIRCUITS AND SYSTEMS
260 _aLONDON
_bILIFFE
_c1972
300 _a83P
942 _cBK
999 _c583577
_d583577